[Event "Tournoi francophone 012 Groupe C"]
[Site "Skype"]
[Date "????.??.??"]
[Round "6.4"]
[White "Tamditi, Ibrahim"]
[Black "Moumtaz, Abderrahim"]
[Result "1-0"]
[WhiteElo "1497"]
[BlackElo "1292"]
[PlyCount "77"]

1. Nf3 Nf6 2. g3 d5 3. Bg2 Bf5 4. Nc3 c5 5. d4 e6 6. Bg5 Be7 7. Bxf6 Bxf6 8.
dxc5 Nc6 9. Rb1 Nb4 10. e4 dxe4 11. Nd2 Bg5 12. Ndxe4 Qxd1+ 13. Kxd1 Rd8+ 14.
Ke2 Bxe4 15. Bxe4 Rd2+ 16. Kf3 Nc6 17. Bxc6+ bxc6 18. Ne4 Rxc2 19. Nxg5 Rxc5
20. Rbc1 Rxg5 21. Rxc6 O-O 22. Rc7 Ra5 23. a3 h6 24. Rd1 a6 25. Rd6 Rf5+ 26.
Kg2 a5 27. Ra7 Rb5 28. Rd2 Rfb8 29. Rdd7 Rxb2 30. Rxf7 R8b6 31. Rxg7+ Kf8 32.
Rh7 Kg8 33. Rxh6 Rb7 34. Rxa5 Rf7 35. Rxe6 Rfxf2+ 36. Kg1 Rg2+ 37. Kf1 Rbf2+
38. Ke1 Re2+ 39. Rxe2 1-0

[Event "Tournoi francophone 012 Groupe C"]
[Site "Skype"]
[Date "????.??.??"]
[Round "6.5"]
[White "Malbec, Robert"]
[Black "Mantelli, Luca"]
[Result "0-1"]
[WhiteElo "1233"]
[BlackElo "1388"]
[PlyCount "54"]

1. e4 e5 2. Nf3 Nc6 3. Bc4 Bc5 4. c3 Nf6 5. d4 exd4 6. cxd4 Bb4+ 7. Bd2 Bxd2+
8. Nbxd2 d5 9. exd5 Nxd5 10. O-O O-O 11. Re1 Nce7 12. h3 c6 13. a3 h6 14. Re2
Be6 15. Bxd5 Nxd5 16. Nb3 b6 17. Qc2 Rc8 18. Ne5 Nf4 19. Ree1 Qg5 20. g4 Nxh3+
21. Kh2 Qh4 22. Rh1 Nxf2+ 23. Kg2 Nxh1 24. Rxh1 Bd5+ 25. Nf3 Qxg4+ 26. Kf1
Qxf3+ 27. Kg1 Qxh1+ 0-1

[Event "Tournoi francophone 012 Groupe C"]
[Site "Skype"]
[Date "????.??.??"]
[Round "7.1"]
[White "Mantelli, Luca"]
[Black "Amato, Ludovica"]
[Result "1-0"]
[WhiteElo "1388"]
[BlackElo "1402"]
[PlyCount "39"]

1. e4 e5 2. Nf3 Nf6 3. Nc3 Bb4 4. Bc4 Nc6 5. O-O O-O 6. d3 h6 7. Ne2 d5 8. exd5
Nxd5 9. c3 Be7 10. Ng3 Re8 11. Re1 Bf8 12. Bd2 Nf4 13. d4 Ng6 14. dxe5 Ngxe5
15. Nxe5 Nxe5 16. Bb3 Bc5 17. Be3 Qxd1 18. Raxd1 Bxe3 19. Rxe3 Bg4 20. Rde1 1-0

[Event "Tournoi francophone 012 Groupe C"]
[Site "Skype"]
[Date "????.??.??"]
[Round "7.2"]
[White "Moumtaz, Abderrahim"]
[Black "Malbec, Robert"]
[Result "0-1"]
[WhiteElo "1292"]
[BlackElo "1233"]
[PlyCount "96"]

1. d4 d5 2. c4 e6 3. Nf3 Nf6 4. Nc3 Bb4 5. Bg5 Bxc3+ 6. bxc3 Nbd7 7. e3 c6 8.
c5 b6 9. cxb6 Qxb6 10. Rb1 Qa5 11. Qc2 Ne4 12. Rb3 Nxg5 13. Nxg5 h6 14. Nf3 Nf6
15. Bd3 Ba6 16. Ne5 Bxd3 17. Qxd3 Rc8 18. O-O Qxa2 19. Qb1 Qxb1 20. Rfxb1 O-O
21. Rb7 Ne4 22. Rc1 c5 23. Rxa7 cxd4 24. exd4 Rxc3 25. Rxc3 Nxc3 26. Kf1 Nb5
27. Ra4 f6 28. Ng6 Rb8 29. Rb4 Kf7 30. Nf4 Rb7 31. f3 Nd6 32. Ra4 g5 33. Nd3
Rc7 34. Ra6 Nf5 35. Ra4 Kg6 36. Nc5 Re7 37. g4 Ne3+ 38. Ke2 Nc4 39. Ra6 Kf7 40.
Kd3 e5 41. Rd6 exd4 42. Kxd4 Ne5 43. Rxd5 Nxf3+ 44. Kd3 Nxh2 45. Rd4 Nf3 46.
Rd6 Ne5+ 47. Ke4 Nxg4+ 48. Kf5 Ne3# 0-1

[Event "Tournoi francophone 012 Groupe C"]
[Site "Skype"]
[Date "????.??.??"]
[Round "7.3"]
[White "De Coninck, Philippe"]
[Black "Tamditi, Ibrahim"]
[Result "1-0"]
[WhiteElo "1335"]
[BlackElo "1497"]
[PlyCount "41"]

1. d4 g6 2. Nf3 Bg7 3. Nc3 e6 4. Bf4 Ne7 5. Nb5 Nd5 6. Bg3 a6 7. Na3 b5 8. e4
Nb6 9. Rc1 Bb7 10. Bd3 Nc6 11. c3 a5 12. Nxb5 d6 13. Be2 Ne7 14. c4 Bxe4 15. c5
Nbd5 16. cxd6 Nf5 17. Nxc7+ Nxc7 18. dxc7 Qd7 19. Rc5 Bc6 20. Qc2 Bb7 21. Bb5
1-0

[Event "Tournoi francophone 012 Groupe C"]
[Site "Skype"]
[Date "????.??.??"]
[Round "7.4"]
[White "Pouteau, Pascal"]
[Black "Briere, Jean"]
[Result "0-1"]
[WhiteElo "1454"]
[BlackElo "1388"]
[PlyCount "44"]

1. d4 d5 2. Nf3 Nc6 3. g3 e6 4. Bg2 Nf6 5. O-O Bd6 6. Nbd2 O-O 7. Re1 e5 8.
dxe5 Nxe5 9. Nxe5 Bxe5 10. c4 dxc4 11. Nxc4 Qxd1 12. Rxd1 Re8 13. Bg5 h6 14.
Nxe5 hxg5 15. Nc4 Rxe2 16. Rac1 c6 17. Nd6 Rxb2 18. Bf1 Bg4 19. Re1 Rd8 20.
Nxb7 Rxb7 21. Rxc6 Bf3 22. Rec1 Bxc6 0-1

[Event "Tournoi francophone 012 Groupe C"]
[Site "Skype"]
[Date "????.??.??"]
[Round "7.5"]
[White "Milanese, Serge"]
[Black "Vincent, Andre"]
[Result "1/2-1/2"]
[WhiteElo "1277"]
[BlackElo "1328"]
[PlyCount "68"]

1. d4 d5 2. Bf4 e6 3. Nf3 Bd6 4. Bg3 f5 5. e3 Nf6 6. Bd3 O-O 7. c3 b6 8. h4
Bxg3 9. fxg3 Ng4 10. Qd2 Nc6 11. Na3 a6 12. Nc2 b5 13. Nb4 Nxb4 14. cxb4 c6 15.
Be2 Bd7 16. Nh2 Nxh2 17. Rxh2 Rf6 18. h5 Qf8 19. Bf3 h6 20. Rh4 Qd6 21. Rf4
Raf8 22. Be2 e5 23. dxe5 Qxe5 24. O-O-O g5 25. hxg6 Rxg6 26. Rh1 Rff6 27. Qd4
Qxd4 28. exd4 Rxg3 29. Rf2 Kg7 30. Kd2 Rfg6 31. Bf3 R6g5 32. Ke3 Be8 33. Kf4 h5
34. Rh3 Rxh3 1/2-1/2

[Event "Tournoi francophone 012 Groupe C"]
[Site "Skype"]
[Date "????.??.??"]
[Round "8.1"]
[White "Amato, Ludovica"]
[Black "Vincent, Andre"]
[Result "0-1"]
[WhiteElo "1402"]
[BlackElo "1328"]
[PlyCount "90"]

1. e4 c6 2. d4 d5 3. Nc3 e6 4. Nf3 Nd7 5. Be2 Bd6 6. Be3 Ne7 7. a3 Ng6 8. Qd2
b5 9. O-O Rb8 10. b4 a5 11. exd5 cxd5 12. Nxb5 Bc7 13. Nxc7+ Qxc7 14. Ne1 Nf6
15. Bf3 Ba6 16. Nd3 Bxd3 17. Qxd3 Qc4 18. Qxc4 dxc4 19. c3 O-O 20. Rad1 Nd5 21.
Bxd5 exd5 22. Rfe1 a4 23. g4 h6 24. f4 f6 25. f5 Nh4 26. Bf4 Nf3+ 27. Kf2 Nxe1
28. Bxb8 Nd3+ 29. Rxd3 cxd3 30. Bf4 Re8 31. Be3 Kf7 32. h4 g6 33. fxg6+ Kxg6
34. Kf3 h5 35. g5 fxg5 36. Bxg5 Re4 37. b5 Re8 38. Bf4 Re7 39. Be5 Rb7 40. Ke3
Rxb5 41. Kxd3 Rb3 42. Bd6 Kf5 43. Be7 Rb7 44. Bg5 Kg4 45. Ke3 Rb3 0-1

[Event "Tournoi francophone 012 Groupe C"]
[Site "Skype"]
[Date "????.??.??"]
[Round "8.2"]
[White "Briere, Jean"]
[Black "Milanese, Serge"]
[Result "1-0"]
[WhiteElo "1388"]
[BlackElo "1277"]
[PlyCount "59"]

1. e4 e5 2. Nf3 Nc6 3. Bc4 Bc5 4. d3 d6 5. Nc3 a6 6. O-O Be6 7. Nd5 Nb4 8. Ng5
c6 9. Nxe6 fxe6 10. Nxb4 Bxb4 11. Bxe6 Qe7 12. Bxg8 Rxg8 13. c3 Ba5 14. Be3 c5
15. b4 cxb4 16. cxb4 Bxb4 17. Qb3 d5 18. Qxd5 Rf8 19. Rab1 Rd8 20. Qc4 Ba5 21.
Bc5 Qc7 22. Bxf8 Kxf8 23. Qxc7 Bxc7 24. Rxb7 Ba5 25. Rc1 Rxd3 26. Rc8+ Rd8 27.
Rxd8+ Bxd8 28. a4 a5 29. Rb5 Bc7 30. Rc5 1-0

[Event "Tournoi francophone 012 Groupe C"]
[Site "Skype"]
[Date "????.??.??"]
[Round "8.3"]
[White "Tamditi, Ibrahim"]
[Black "Pouteau, Pascal"]
[Result "0-1"]
[WhiteElo "1497"]
[BlackElo "1454"]
[PlyCount "74"]

1. Nf3 d5 2. d4 Nf6 3. Bg5 Ne4 4. Nbd2 Nxg5 5. Nxg5 e5 6. Ngf3 e4 7. Ne5 Bd6 8.
c4 f6 9. Nf7 Kxf7 10. cxd5 Bb4 11. a3 Bxd2+ 12. Qxd2 Qxd5 13. Rc1 Nc6 14. e3
Be6 15. Be2 Rae8 16. O-O Re7 17. f4 Qa5 18. Qc2 Bd5 19. Qb1 Qb6 20. b4 h5 21.
Rc5 Rd7 22. Rf2 Ne7 23. f5 c6 24. a4 Qc7 25. b5 b6 26. Rc3 Qc8 27. Qc2 Rd6 28.
h3 Nxf5 29. g4 Ng3 30. gxh5 Nxe2+ 31. Qxe2 Qxh3 32. bxc6 Bxc6 33. Qc4+ Qe6 34.
Qa6 Qg4+ 35. Rg2 Qd1+ 36. Kh2 Rxh5+ 37. Kg3 Qf3# 0-1

[Event "Tournoi francophone 012 Groupe C"]
[Site "Skype"]
[Date "????.??.??"]
[Round "8.4"]
[White "Malbec, Robert"]
[Black "De Coninck, Philippe"]
[Result "1-0"]
[WhiteElo "1233"]
[BlackElo "1335"]
[PlyCount "39"]

1. e4 e5 2. Nf3 Nc6 3. Bc4 Nd4 4. Nxd4 exd4 5. d3 d6 6. Nd2 Nf6 7. h3 Be7 8.
Nf3 c5 9. O-O O-O 10. Bf4 d5 11. exd5 Nxd5 12. Bg3 Nf6 13. Re1 Nh5 14. Bh2 Re8
15. Ne5 Be6 16. Bxe6 fxe6 17. Qxh5 Rf8 18. Qg4 Rf6 19. Qe4 Qc7 20. Ng4 1-0

[Event "Tournoi francophone 012 Groupe C"]
[Site "Skype"]
[Date "????.??.??"]
[Round "8.5"]
[White "Mantelli, Luca"]
[Black "Moumtaz, Abderrahim"]
[Result "1-0"]
[WhiteElo "1388"]
[BlackElo "1292"]
[PlyCount "61"]

1. e4 e5 2. Nf3 Nf6 3. Nc3 Nc6 4. Bb5 d6 5. d4 a6 6. Ba4 Bd7 7. O-O b5 8. Bb3
Be7 9. a3 O-O 10. Re1 Be6 11. d5 Na5 12. dxe6 Nxb3 13. exf7+ Rxf7 14. cxb3 c6
15. Bg5 h6 16. Be3 Nd7 17. b4 a5 18. Qb3 axb4 19. axb4 Rxa1 20. Rxa1 Qf8 21.
Ra6 c5 22. bxc5 Nxc5 23. Bxc5 dxc5 24. Qa2 Kh8 25. Ra8 Bd8 26. Rxd8 Qxd8 27.
Qxf7 b4 28. Nd5 Qa8 29. h3 Qa1+ 30. Kh2 Qxb2 31. Ne7 1-0

[Event "Tournoi francophone 012 Groupe C"]
[Site "Skype"]
[Date "????.??.??"]
[Round "9.1"]
[White "Moumtaz, Abderrahim"]
[Black "Amato, Ludovica"]
[Result "0-1"]
[WhiteElo "1292"]
[BlackElo "1402"]
[PlyCount "88"]

1. d4 d5 2. c4 c6 3. Nc3 dxc4 4. e4 b5 5. a3 Nf6 6. d5 cxd5 7. exd5 a6 8. Nf3
Bb7 9. b3 cxb3 10. Qxb3 Nxd5 11. Nxd5 Qxd5 12. Qc2 Qe4+ 13. Qxe4 Bxe4 14. Be2
e6 15. O-O Bc5 16. Bb2 O-O 17. Rfc1 Bb6 18. Rc3 Nc6 19. Bd3 Bxd3 20. Rxd3 Rfd8
21. Rad1 Rxd3 22. Rxd3 Rd8 23. Rxd8+ Bxd8 24. Be5 Be7 25. Bb2 f6 26. Ne1 Na5
27. Nc2 Nc4 28. Bc1 Kf7 29. f4 h5 30. g3 Kg6 31. Kf2 Bd6 32. Kf3 e5 33. fxe5
Bxe5 34. Be3 Bb2 35. Bc5 Kf5 36. h3 Ke5 37. Bf8 g5 38. Bc5 f5 39. Be7 g4+ 40.
hxg4 hxg4+ 41. Ke2 Ke4 42. Bc5 f4 43. Kf2 a5 44. Bb6 Nxb6 0-1

[Event "Tournoi francophone 012 Groupe C"]
[Site "Skype"]
[Date "????.??.??"]
[Round "9.2"]
[White "De Coninck, Philippe"]
[Black "Mantelli, Luca"]
[Result "1-0"]
[WhiteElo "1335"]
[BlackElo "1388"]
[PlyCount "97"]

1. d4 Nf6 2. Bf4 d5 3. e3 c5 4. c3 Nc6 5. Nf3 e6 6. Nbd2 Bd6 7. Bg3 O-O 8. Bd3
b6 9. Ne5 Bb7 10. f4 Ne7 11. Qf3 Nf5 12. O-O-O Rc8 13. Bxf5 exf5 14. Bh4 Be7
15. Qh3 g6 16. Bxf6 Bxf6 17. g4 fxg4 18. Qxg4 cxd4 19. exd4 Bg7 20. h4 Rc7 21.
h5 Bc8 22. Qg3 Bf5 23. hxg6 Bxg6 24. Nxg6 fxg6 25. Nf3 b5 26. Ng5 Qe8 27. Rde1
Re7 28. Rxe7 Qxe7 29. Rxh7 Re8 30. Rh1 Qe3+ 31. Qxe3 Rxe3 32. Kd2 Rg3 33. Re1
Kf8 34. Ne6+ Kf7 35. Nxg7 Kxg7 36. Re7+ Kh6 37. Rxa7 Rg2+ 38. Kc1 Rg1+ 39. Kc2
Kh5 40. Rd7 Kg4 41. Rxd5 Kxf4 42. Rxb5 g5 43. d5 Rg2+ 44. Kd3 Rg3+ 45. Ke2 Rg2+
46. Kf1 Kg3 47. d6 Rf2+ 48. Ke1 Rf8 49. Rxg5+ 1-0

[Event "Tournoi francophone 012 Groupe C"]
[Site "Skype"]
[Date "????.??.??"]
[Round "9.3"]
[White "Pouteau, Pascal"]
[Black "Malbec, Robert"]
[Result "1-0"]
[WhiteElo "1454"]
[BlackElo "1233"]
[PlyCount "71"]

1. d4 d5 2. Nf3 Nf6 3. c4 c6 4. Nc3 Bf5 5. e3 e6 6. Bd3 Bxd3 7. Qxd3 Bb4 8. Bd2
Bxc3 9. Bxc3 O-O 10. O-O Nbd7 11. Rac1 Ne4 12. Bb4 Re8 13. Ne5 Nxe5 14. dxe5
Qb6 15. Ba3 Nc5 16. Qd4 Nd7 17. c5 Qc7 18. f4 Qd8 19. Rf3 Qh4 20. Qd3 Rf8 21.
Rh3 Qxh3 22. gxh3 f5 23. h4 Rf7 24. Rc2 Nf8 25. h5 g6 26. Rg2 Kh8 27. h6 Nd7
28. h4 Nb8 29. Qe2 b6 30. h5 Nd7 31. hxg6 hxg6 32. Rxg6 Rg8 33. Qh5 Rh7 34.
Rxg8+ Kxg8 35. Qe8+ Nf8 36. cxb6 1-0

[Event "Tournoi francophone 012 Groupe C"]
[Site "Skype"]
[Date "????.??.??"]
[Round "9.4"]
[White "Milanese, Serge"]
[Black "Tamditi, Ibrahim"]
[Result "1-0"]
[WhiteElo "1277"]
[BlackElo "1497"]
[PlyCount "25"]

1. d4 g6 2. Nf3 Bg7 3. e4 e6 4. Nc3 d5 5. e5 f6 6. Bf4 Nd7 7. Bb5 c6 8. Ba4 b5
9. Bb3 a5 10. a3 Qc7 11. Qe2 Ba6 12. exf6 Qxf4 13. Qxe6+ 1-0

[Event "Tournoi francophone 012 Groupe C"]
[Site "Skype"]
[Date "????.??.??"]
[Round "9.5"]
[White "Vincent, Andre"]
[Black "Briere, Jean"]
[Result "1/2-1/2"]
[WhiteElo "1328"]
[BlackElo "1388"]
[PlyCount "58"]

1. d4 d5 2. Bf4 Nc6 3. e3 Bf5 4. Nf3 e6 5. Nbd2 Nf6 6. c3 Be7 7. Qb3 Rb8 8. a3
O-O 9. Ne5 Nxe5 10. Bxe5 Bd6 11. Bg3 Ne4 12. Nxe4 Bxe4 13. f3 Bf5 14. Be2 a6
15. Qd1 h6 16. Bd3 Bxg3+ 17. hxg3 Qg5 18. Kf2 Bxd3 19. Qxd3 e5 20. Rae1 e4 21.
Qd1 f5 22. f4 Qg6 23. Qh5 Qxh5 24. Rxh5 c6 25. b4 b5 26. Reh1 Rf6 27. R5h4 Rg6
28. Rh5 Rf8 29. R1h4 Rg4 1/2-1/2